Total Drama + Disventure Camp - Estadísticas

Estadísticas generales
  • Esta prueba ha sido intentada 52 veces
  • La puntuación promedio es 66 de 128
Estadísticas de respuestas
Placements across their seasons/
Posiciones en sus temporadas
Respuesta % Correcto
22nd
18th
Ezekiel
88%
4th1st/2nd 5th 8th Duncan
82%
12th Eva
82%
1st/2nd12th 9th 4th Gwen
82%
1st/2nd3rd 8th 8th Owen
82%
1st/2nd6th Alejandro
79%
3rd9th 1st/2nd 10th Heather
79%
14th4th/3rd 6th/7th 5th Courtney
76%
6thTBA Ally
73%
10thTBA Ashley
73%
12th B
73%
17th3rd Cody
73%
5thTBA Jake
73%
5th8th 15th Leshawna
73%
4th9th Sierra
73%
14th | 6thTBA Tom
73%
3rdTBA Aiden
70%
12th13th Connor
70%
2nd13th Fiore
70%
4th15th Hunter
70%
7th10th 13th Izzy
70%
1st18th James
70%
19th Katie
70%
9th6th 14th 14th Lindsay
70%
2ndTBA Riya
70%
4thTBA Alec
67%
16th1st/2nd Beth
67%
6th14th/15th 1st/2nd Geoff
67%
8th17th Lake
67%
6th1st/2nd Mike
67%
1st16th Miriam
67%
21st
11th
8th
Noah
67%
5th Rosa Maria
67%
15th Sadie
67%
9th11th Tess
67%
10thTBA Yul
67%
7thTBA Grett
64%
20th7th Justin
64%
18th10th Tyler
64%
3rd1st/2nd Zoey
64%
9th Brick
61%
10th15th/14th 16th Bridgette
61%
1st/2nd7th Cameron
61%
8th11th 12th DJ
61%
13th Drew
61%
3rd12th Ellie
61%
4th | 5th13th Emma
61%
8thTBA Gabby
61%
13th5th 17th Harold
61%
11th Lill
61%
10th11th Sam
61%
9th Dan
58%
5th12th Jo
58%
13th Kai
58%
7th Karol
58%
11th Maggy
58%
14th Oliver
58%
11th13th Trent
58%
14th Will
58%
7th Dakota
55%
11th Dawn
55%
4th2nd/3rd Julia
55%
12th Nick
55%
1st4th Priya
55%
4th3rd Scott
55%
1st/2nd Sky
55%
12th Amy
52%
7th Dave
52%
3th Sugar
52%
2nd11th Bowie
48%
16th2nd/3rd Caleb
48%
4th Kitty
48%
13th18th Leonard
48%
5th Max
48%
11th7th MK
48%
2nd/1st Shawn
48%
13th Staci
48%
9th Ella
45%
4th Jasmine
45%
10th Samey
45%
10th/9th1st Wayne
45%
8th Anne Maria
42%
14th Beardo
42%
6th15th Chase
42%
9th Junior
42%
1st/2nd13th Lightning
42%
3rd14th Millie
42%
6th Scarlett
42%
13th16th Scary Girl
42%
7th8th Zee
42%
2nd/1st Brody
39%
9th Dwayne
39%
2nd/1st MaCarthur
39%
10th/9th5th Raj
39%
6th/7th Blaineley
36%
7th Crimson
36%
14th Jen
36%
14th12th Nichelle
36%
8th9th Ripper
36%
2nd/1st Sanders
36%
18th Tammy
36%
15th10th Axel
33%
12th6th Damien
33%
10th Rock
33%
10th Spud
33%
16th Ellody
30%
7th Ennui
30%
3rd Josee
30%
13th Taylor
30%
11th Chet
27%
3rd Jacques
27%
11th Rodney
27%
8th Topher
27%
13th Kelly
24%
11th Lorenzo
24%
15th Miles
24%
17th Gerry
21%
16th Mary
21%
12th Mickey
21%
17th Pete
21%
6th Stephanie
21%
12th Jay
18%
15th Laurie
18%
6th Ryan
18%
5th Carrie
15%
5th Devin
15%
No se encontraron pruebas coincidentes
Distribución de puntuación
Porcentaje de gente con cada puntuación
Porcentaje por número respondido
Historial de tus puntuaciones
No has intentado esta prueba.